Tilastot visalle Sanat - "Marraskuu" - Miljoonasade

Klikkaa tästä pelataksesi tätä visaa!

Yleistilastot

  • Tätä visaa on pelattu 216 kertaa
  • Keskiarvotulos 54 / 104

Vastaustilastot

Sanat% Oikein
99%
99%
Marraskuu
99%
kaljakori
91%
kilisee
91%
Läpi
91%
lokakuun
91%
repaleisen
91%
I
87%
syyskuun
87%
Kaipuun
84%
kaipuun
84%
Ohi
79%
beibi
76%
Beibi
76%
miehen
71%
viedä
71%
yksinäisen
71%
ikävin
70%
Ikävistä
70%
Voi
70%
takaisin
69%
love
67%
niin
67%
Milloin
66%
tiedä
66%
Mandoliinipuu
65%
palaat
65%
you
65%
Mua
63%
kasvoi
61%
sua
61%
Taas
61%
taas
61%
vaivaa
61%
Etkö
59%
ikävöin
57%
Kun
56%
varisparvi
56%
laitaan
54%
Raahautuu
54%
Yli
53%
Eilen
52%
Päivät
52%
taivaan
52%
torin
52%
dinosauriin
50%
on
50%
luu
49%
niinkuin
49%
kapakassa
48%
kirjoitettu
46%
sen
46%
sotkin
40%
Sylissäni
40%
huoneeni
39%
juopottelin
39%
Täällä
39%
täällä
39%
Nyt
36%
öin
36%
päivin
36%
Tänään
36%
rotta
35%
pelaan
33%
Kuivakurkku
32%
kuoreen
32%
isännöi
31%
kanssa
31%
Ristinollaa
30%
Palavia
24%
pohjaan
24%
poltetaan
24%
halkojaan
23%
TV
23%
pikkuhiljaa
21%
paiskoo
20%
syliin
20%
kaatopaikkaa
19%
topin
19%
Käy
17%
liekit
17%
uhkaa
17%
Vaan
17%
ihmiskunta
16%
Kansakouluaan
16%
suussa
16%
eihän
15%
kellarilla
15%
sormi
15%
Hiljaa
13%
Kaiken
13%
tämän
11%
keskellä
9%

Tulosjakauma

Persentiili vastausten määrän mukaan

Jokaisen tuloksen saaneiden osuus

Tuloshistoriasi

Et ole pelannut tätä visaa